000 00626nam a2200253Ia 4500
005 20260121155157.0
008 008 260114s9999 xx 000 0 eng d
020 _a9780429273230
037 _aEBOOK
040 _aCRL
040 _beng
040 _cCRL
041 _2eng
041 _aeng
084 _qCRL
100 _a Janne Oestergaard Hagelquist; Heino Rasmussen
_91016324
245 0 _aMentalization in the Family
260 _bTaylor and Francis
260 _c2020
856 _uhttp://www.taylorfrancis.com/books/9780429273230
942 _cEBOOK
999 _c1583143
_d1583143